| 000 | 01424nam a2200325 a 4500 | ||
|---|---|---|---|
| 001 | 25868 | ||
| 003 | BD-RjUL | ||
| 005 | 20211209050935.0 | ||
| 008 | 860101s1929 enkab b 001 0 eng d | ||
| 035 | _a(BD-RjUL)25938 | ||
| 040 |
_aDLC _cOUN _dOCL _dBD-RjUL _beng |
||
| 041 | _aeng | ||
| 082 |
_223 _a297.283 _bHAC V-1-V-2 1929 |
||
| 100 | 1 |
_aHasluck, F. W. _q(Frederick William), _d1878-1920. _9223593 |
|
| 245 | 1 | 0 |
_aChristianity and Islam under the Sultans / _cby the late F. W. Hasluck ; edited by Margaret M. Hasluck. |
| 260 |
_aOxford : _bClarendon Press, _c1929. |
||
| 300 |
_a 2 v. : _bill. ; _c23 cm. |
||
| 500 | _aPaged continuously. | ||
| 500 | _a"In the spring of 1913 he [the author] visited Konia, the ancient Iconium. There he became interested in the interplay of Christianity and Islam within the Turkish empire ... The result of his researches is this work, the first comprehensive study of Turkish folk-lore and its relations with Christianity."--Editor's note. | ||
| 504 | _aBibliography: v. 1. p. [xxi]-ixiv. | ||
| 505 | 0 | _aVol. 1 -- v. 2 -- | |
| 650 | 0 |
_aIslam _zTurkey. _9223594 |
|
| 650 | 0 |
_aFolklore _zTurkey. _9223595 |
|
| 650 | 0 |
_aChristianity _zTurkey. _9223596 |
|
| 650 | 0 |
_aChristianity and other religions _xIslam. _9223597 |
|
| 650 | 0 |
_aIslam _xRelations _xChristianity. _9223598 |
|
| 700 | 1 |
_aHasluck, Margaret M. , _d1885-1948 , ed. _9223599 |
|
| 942 |
_2ddc _cRAR |
||
| 999 |
_c25868 _d25868 |
||